000 00674nam a2200205Ia 4500
005 20250508152344.0
008 008 250505s9999 xx 000 0 eng d
037 _aTextual
040 _aFEDL
_beng
_cFEDL
041 _aeng
_2eng
084 _a016.37078, CEN
_qFEDL
245 0 _aC. I. E. Publications: Summaries of report
245 0 _cCentral Institute of Education
260 _aDelhi, India
_bCentral Institute of Education
_c1958
300 _aii,107p.
546 _aSubmited by the students for the degree of master of education 1953-54
650 _aEducation-Bibliographies
942 _cTEXL
_h016.37078, CEN
999 _c1335879
_d1335879